000 00539nam a2200181Ia 4500
005 20250508154358.0
008 008 250505s9999 xx 000 0 eng d
037 _aTextual
040 _aFEDL
_beng
_cFEDL
041 _aeng
_2eng
084 _a331.110973, ORG
_qFEDL
245 0 _aManpower policy and programmes in the : United states
245 0 _cOrganisation for economic co-operation and development
300 _a208p.
650 _aEconomics
942 _cTEXL
_h331.110973, ORG
999 _c1349827
_d1349827